00615nam a22002057a 4500003000500000005001700005008004100022010001000063011001000073035001000083040000900093082001400102100002400116245002200140260005600162300002800218490007200246650001900318830007200337CHAP20220329141819.0971013s1937 r 00010 d a74260 a75232 a84792 cCHAP a633.2bG300aGates, Frank Caleb. aGrasses in Kansas aTopeka, Kansas State :bBeard of Agriculture,c1937 a349 p.b: ilus. ; mapas aReport of the Kansas State Board of Agriculture, vol. 55, No. 220-A14aPastosxE.U.A.0 aReport of the Kansas State Board of Agriculture, vol. 55, No. 220-A